000 00568nam a2200193 i 4500
001 71526
003 ES-MaACL
005 20230906171144.0
007 t|
008 040812s1973 sp ||||1| spa d
100 1 _aGenover, Kathleen.
_956337
245 1 0 _aClaves de una novelĂ­stica existencial
_b: (en Rayuela de Cortázar) /
_cKathleen Genover.
260 _aMadrid :
_bPlayor,
_c[1973]
300 _a261 p. ;
_c19 cm.
490 1 _aPlaza Mayor Scholar
830 0 _aPlaza Mayor Scholar
_9181264
852 _aES-MaACL
_jC-54960
_bR.87703
999 _c71526
_d71526